000 00326nam a2200145Ia 4500
008 191201s2010 xx 000 0 und d
082 _a658MAR
100 _aRAO, V S P
245 0 _aManagement Text and Cases
250 _aRep
260 _aN. Delhi
_bExcel Books
_c2010
300 _a966
650 _aMBA
942 _2ddc
_cBK
999 _c5364
_d5364